01457cam a22003014i 4500003000900000005001700009008004100026020001500067035002700082040003300109082001900142100003500161245014200196264003300338300005400371336002100425337002500446338002300471505055000494526000901044526000901053526000801062526000801070526000801078541001701086650002501103700002701128PE-LiUPU20250731183421.0150625s r 000 0 d a8471835274 a(Sirsi) i9788471835277 aPE-LiUPUbspacPE-LiUPUerda04a745.9bP922211 aPugés, Maite,ered.,eautor.10aArreglos florales :bflores para el hogar.n1 /c[redacción, Maite Pugès, Mayka Barciela ; traducción, Marta Tremoleda, Olga Puig]. 1aBarcelona :bHymsa,c[2004]. a96 páginas :bilustraciones ;c29 centímetros atext2rdacontent aunmediated2rdamedia avolume2rdacarrier0 aPrimavera en acción. -Un solo tipo de flor. -Cestas primorosas. -Detales: cuartos de estar. -Composiciones sencillas. -La elección perfecta. -El día más feliz. -Creando estilo. -Como en el campo. -Detalles: fiesta en el jardín. -Flores al aire libre. -Las flores y el amor. -Color en el invernadero. -Armonía de color. -Matices y contrastes. -Una habitación con vistas. -El recipiente ideal. -Gamas y tonalidades. -Composiciones artificiales. -Creaciones informales. -Flores en la pared. -Formas y proporciones. -Felices fiestas. aP158 aP146 aP17 aP12 aP06 g001-0006896;04aDecoración floral.1 aBarciela, Mayka,ered.